000 00333cam a22001097a 4500
008 180718b1979 xxu||||| |||| 00| 0 eng d
082 _aA75 M264R
100 _aShrivastava, P.N.
245 _aMadhya Pradesh district gazetteers: Raisen
_cby P.N. Shrivastava
260 _aBhopal
_bDistrict Gazetteers Department
_c1979
300 _a406+p.
999 _c487097
_d487097